| 000 | 00447nam a2200181Ia 4500 | ||
|---|---|---|---|
| 001 | 17691 | ||
| 005 | 20260306171536.0 | ||
| 008 | 260306s9999||||xx |||||||||||||| ||und|| | ||
| 041 | _aESP | ||
| 082 |
_a658.15 _bE348 |
||
| 100 |
_aEiteman, David K. _eAUT |
||
| 245 | 0 | _aLas finanzas en las empresas multinacionales | |
| 260 | _c2011 | ||
| 300 |
_axvii, 633 páginas : _c25 cm. |
||
| 650 | _aGEN | ||
| 654 | _aCAN | ||
| 942 |
_cLIB _dJUS _fJUS _2ddc _n |
||
| 999 |
_c17691 _d17691 |
||